000 00249 a2200097 4500
001 7748
100 _aPoole, E.G.C
245 _aIntroduction to the theory of linear differential equations
260 _a
_bDover publications
_c
090 _c6205
_d6205
942 _aNUST-CAE
_cM
_c32718
999 _c242821
_d242821